00305nam a2200109Ia 4500008004000000020001800040082001500058100002700073245003800100260004300138300001400181210210b2005 xxu||||| |||| 00| 0 eng d a81 88646 00 8 a541.3 PURP aPURI (B R) and Others. aPrinciples of physical chemistry. aJalandharbVishal Publishing Co.c2005 aviii,1172